000 00605nam a2200193Ia 4500
005 20250508150830.0
008 008 250505s9999 xx 000 0 eng d
037 _aTextual
040 _aFEDL
_beng
_cFEDL
041 _aeng
_2eng
084 _a352.4, KOT
_qFEDL
100 _aKothandaraman M. R.
_9757766
245 0 _aCompilation of medical attendance rurals and orders : With Government of India decisions and explanatory notes
245 0 _cIndia, Government .... Ministry of Health
260 _c1950
300 _a89p
942 _cTEXL
_h352.4, KOT
999 _c1325938
_d1325938